Business circles
Αποθηκεύτηκε σε:
| Κύριος συγγραφέας: | |
|---|---|
| Μορφή: | Βιβλίο |
| Γλώσσα: | English |
| Δημοσίευση: |
London :
Nelson,
1988
|
| Σειρά: | Nelson business English
|
| Θέματα: | |
| Ετικέτες: |
Προσθήκη ετικέτας
Δεν υπάρχουν, Καταχωρήστε ετικέτα πρώτοι!
|
MARC
| LEADER | 00000nam a2200000 i 4500 | ||
|---|---|---|---|
| 001 | 1/23345 | ||
| 008 | 960712s1988 eng d | ||
| 020 | |a 0-17-555682-2 | ||
| 035 | |l 10022068 | ||
| 040 | |a GR-MY-UA |b gre |e aacr | ||
| 041 | 0 | |a eng | |
| 082 | 0 | |a 428.202465 | |
| 100 | 1 | |a Carrier, Michael. | |
| 245 | 1 | 0 | |a Business circles / |c Michael Carrier |
| 260 | |a London : |b Nelson, |c 1988 | ||
| 300 | |a 128 p. | ||
| 490 | 1 | |a Nelson business English | |
| 650 | 0 | 0 | |a English language |x Business English. |
| 650 | 0 | 0 | |a English language |v Textbooks for foreign speakers. |
| 830 | 0 | |a Nelson business English | |
| 852 | |a INST |b CHIOS |e 19960712 |h 428.202465 CAR |p 005200002000 |q 005200002000 |t BK |y 0 | ||
| 852 | |a INST |b CHIOS |e 19960712 |h 428.202465 CAR |p 005200002145 |q 005200002145 |t BK |y 0 | ||
| 909 | |a Χ |b 022867 | ||
| 909 | |a Χ |b 017138 | ||